Philippine Literature through the years (Record no. 3805)

MARC details
000 -LEADER
fixed length control field 00683nam a22002177i 4500
003 - CONTROL NUMBER IDENTIFIER
control field URS
005 - DATE AND TIME OF LATEST TRANSACTION
control field 20221115132445.0
020 ## - INTERNATIONAL STANDARD BOOK NUMBER
International Standard Book Number 971086078
040 ## - CATALOGING SOURCE
Transcribing agency urs
050 14 - LIBRARY OF CONGRESS CALL NUMBER
Classification number PL 6141 K34 2000
100 ## - MAIN ENTRY--PERSONAL NAME
Personal name Kahayon, Alicia H.
245 ## - TITLE STATEMENT
Title Philippine Literature through the years
Statement of responsibility, etc. Alicia H. Kahayon, Celia A. Zulueta
264 #1 - PRODUCTION, PUBLICATION, DISTRIBUTION, MANUFACTURE, AND COPYRIGHT NOTICE
Place of production, publication, distribution, manufacture Mandaluyong City:
Name of producer, publisher, distributor, manufacturer National Book Store,
Date of production, publication, distribution, manufacture, or copyright notice 2000.
300 ## - PHYSICAL DESCRIPTION
Extent xviii, 340 pages;
Dimensions 22 cm.
336 ## - CONTENT TYPE
Content type term text
Content type code txt
Source rdacontent
337 ## - MEDIA TYPE
Media type term unmediated
Media type code n
Source rdamedia
338 ## - CARRIER TYPE
Carrier type term volume
Carrier type code nc
Source rdacarrier
650 ## - SUBJECT ADDED ENTRY--TOPICAL TERM
Topical term or geographic name entry element 1.Philippine literature--Collections. I.Zulueta, Celia A. II.Title.
700 ## - ADDED ENTRY--PERSONAL NAME
9 (RLIN) 687
Personal name Zulueta, Celia A.,
Relator term author.
942 ## - ADDED ENTRY ELEMENTS (KOHA)
Koha item type Filipiniana
Source of classification or shelving scheme Library of Congress Classification
Holdings
Withdrawn status Source of classification or shelving scheme Damaged status Not for loan Collection code Home library Current library Shelving location Date acquired Total Checkouts Full call number Barcode Date last seen Price effective from Koha item type
  Library of Congress Classification     Non-fiction Binangonan College Library Binangonan College Library Filipiniana Section 06/07/2023   PL 6141 K34 2000 URSBIN-489 02/22/2016 09/11/2019 Filipiniana
  Library of Congress Classification     Non-fiction Binangonan College Library Binangonan College Library Filipiniana Section 06/07/2023   PL 6141 K34 2000 URSBIN-490 05/05/2016 05/05/2016 Filipiniana
  Library of Congress Classification     Non-fiction Binangonan College Library Binangonan College Library Filipiniana Section 06/07/2023   PL 5531 K12 URSBIN-491 05/05/2016 05/05/2016 Filipiniana
  Library of Congress Classification     Non-fiction Binangonan College Library Binangonan College Library Filipiniana Section 06/07/2023   PL 6141 K34 2000 URSBIN-492 05/05/2016 05/05/2016 Filipiniana
  Library of Congress Classification     Non-fiction Binangonan College Library Binangonan College Library Filipiniana Section 06/07/2023   PL 6141 K34 2000 URSBIN-493 05/05/2016 05/05/2016 Filipiniana
  Library of Congress Classification     Non-fiction Binangonan College Library Binangonan College Library Filipiniana Section 06/07/2023   PL 5531 K12 URSBIN-494 05/05/2016 05/05/2016 Filipiniana
  Library of Congress Classification     Non-fiction Binangonan College Library Binangonan College Library Filipiniana Section 06/07/2023   PL 5531 K12 URSBIN-495 05/05/2016 05/05/2016 Filipiniana

University of Rizal System
Email us at univlibservices@urs.edu.ph

Visit our Website www.urs.edu.ph/library